| 000 | 00413nam a2200169Ia 4500 | ||
|---|---|---|---|
| 008 | 210210b1924 xxu||||| |||| 00| 0 eng d | ||
| 041 | _aeng | ||
| 082 | _a825/260 | ||
| 100 | _aDOBREE (B) | ||
| 245 | _aRestoration comedy 1660-1720 | ||
| 260 |
_aLondon _bOxford University Press _c1924 |
||
| 650 | _aRestoration | ||
| 650 | _acomedy | ||
| 650 | _a1660-1720 | ||
| 690 | _aEnglish Criticism | ||
| 906 | _a014577 | ||
| 999 |
_c133768 _d133768 |
||